00423nam a22001697a 4500003000500000005001700005010001700022020001500039038002200054082001900076100001500095245005400110260005100164300001600215440001600231563000600247NUST20210629162604.0 a 2014310668 a7119090232 aSNS Library Staff a335.4345 bJIN aXI Jinping aXi Jinping bThe Governance of China cXi Jinping aChinabForeign Languages Press Co. Ltd. c2020 a650 p.bPb. aXi Jinping  a.